Čítanka staroslověnských textů se slovníčkem

Bibliographic Details
Main Author: Kurz, Josef (Author)
Format: Book
Language:Undetermined
PhysicalDescription:94 s.
Published: Praha Státní pedagogické nakladatelství 1977

MARC

LEADER 00000nam a2200000 a 4500
001 vtls001266216
003 SK-MaSNL
005 20260416164810.0
008 240315s1977 xx 0 und
035 |a SNK000217152 
040 |a SNK  |b slo  |c SNK  |e AACR2 
100 1 |a Kurz, Josef  |4 aut  |9 285923 
245 1 |a Čítanka staroslověnských textů se slovníčkem 
260 |a Praha  |b Státní pedagogické nakladatelství  |c 1977 
300 |a 94 s. 
958 |a OND 
999 |c 540521  |d 542451 
952 |t P60, <04>, [BOOK], {604}  |a SNK  |b SNK  |y VYP  |7 0  |p 17A0020721  |o snkIB 36602  |0 0  |1 0  |4 0  |d 1996-11-14  |l 0  |r 2005-01-01 00:00:00  |w 2026-02-23 
952 |a SNK  |b SNK  |y NEVYP  |7 0  |p 17A0255126  |o snkIB 36602 D1  |0 0  |1 1  |4 0  |d 2000-10-23  |l 0  |r 2005-01-01 00:00:00  |w 2026-02-23